|
|
|
|
| LEADER |
01336nam a2200373 i 4500 |
| 001 |
000175220 |
| 003 |
CZ BrMZK |
| 005 |
20230222140752.0 |
| 007 |
ta |
| 008 |
010907s1970 gw g 000 f ger d |
| 020 |
|
|
|q (Brožováno)
|
| 040 |
|
|
|a BOA001
|b cze
|e rda
|
| 041 |
1 |
|
|a ger
|h cze
|
| 072 |
|
7 |
|a 821.162.3-3
|x Česká próza
|2 Konspekt
|9 25
|
| 080 |
|
|
|a 821.162.3-31
|2 MRF
|
| 080 |
|
|
|a (0:82-31)
|2 MRF
|
| 100 |
1 |
|
|a Kundera, Milan,
|d 1929-2023
|7 jk01070894
|4 aut
|
| 240 |
1 |
0 |
|a Žert.
|l Německy
|7 aun2012735261
|
| 245 |
1 |
4 |
|a Der Scherz :
|b Roman /
|c Milan Kundera ; Deutsch von Erich Bertleff
|
| 250 |
|
|
|a Ungekürzte Ausgabe
|
| 264 |
|
1 |
|a München :
|b Deutscher Taschenbuch Verlag,
|c 1970
|
| 300 |
|
|
|a 305 stran ;
|c 18 cm
|
| 336 |
|
|
|a text
|b txt
|2 rdacontent
|
| 337 |
|
|
|a bez média
|b n
|2 rdamedia
|
| 338 |
|
|
|a svazek
|b nc
|2 rdacarrier
|
| 490 |
1 |
|
|a dtv ;
|v 705
|
| 500 |
|
|
|a Přeloženo z češtiny
|
| 655 |
|
7 |
|a české romány
|7 fd133974
|2 czenas
|
| 700 |
1 |
|
|a Bertleff, Erich von,
|d 1920-1980
|7 mzk2009502597
|4 trl
|
| 830 |
|
0 |
|a dtv
|
| 910 |
|
|
|a BOA001
|b 1-0950.359
|b KMK-0000.192
|
| 990 |
|
|
|a BK
|
| 996 |
6 |
|
|b 2619948841
|c 1-0950.359
|l MZK
|r Sklad / do 1 hodiny
|n 37
|w 000175220
|u 000010
|a 1
|e BOA001
|j MZK50
|s P
|
| 996 |
6 |
|
|b 261K000260
|c KMK-0000.192
|l MZK
|r K. M. Kundery - 1. patro
|n 0
|p dar
|h B/02-36.K,001
|w 000175220
|u 000020
|a 0
|e BOA001
|j MZK50
|s P
|